Making family with characters and dolls (notice n° 2036789)

détails MARC
000 -LEADER
fixed length control field 01824cam a2200169 4500500
005 - DATE AND TIME OF LATEST TRANSACTION
control field 20260405000414.0
041 ## - LANGUAGE CODE
Language code of text/sound track or separate title fre
042 ## - AUTHENTICATION CODE
Authentication code dc
100 10 - MAIN ENTRY--PERSONAL NAME
Personal name Xiong, Yuelei
Relator term author
245 00 - TITLE STATEMENT
Title Making family with characters and dolls
260 ## - PUBLICATION, DISTRIBUTION, ETC.
Date of publication, distribution, etc. 2026.<br/>
500 ## - GENERAL NOTE
General note 82
520 ## - SUMMARY, ETC.
Summary, etc. Este ensayo analiza la intimidad virtual como una forma relacional emergente moldeada por los medios digitales, la cultura de consumo y las estructuras sociales de género entre los jugadores chinos de juegos otome para dispositivos móviles. Basándose en la etnografía digital realizada entre 2022 y 2025, analiza cómo prácticas como la crianza de muñecas y la creación de familias virtuales amplían la fantasía romántica más allá del juego y reconfiguran la intimidad a través de las relaciones entre humanos y no humanos. El estudio muestra cómo las proyecciones e identificaciones de los jugadores con los personajes y muñecos siguen siendo fluidas, negociadas y situacionales, y se desarrollan en medio de tensiones continuas entre las comunidades de jugadores y las empresas de videojuegos. Situando la cultura otome china en un marco comparativo de la cultura shōjo y la adolescencia femenina en Asia Oriental, el artículo sostiene además que la intimidad virtual funciona como una forma de intimidad sustitutiva que amortigua el riesgo emocional en condiciones de heteropesimismo, ansiedad matrimonial y presión reproductiva. Más que rechazar la realidad, la intimidad virtual permite a los individuos flexibles habitar un espacio suspendido entre el apego y la autonomía en la China contemporánea.
700 10 - ADDED ENTRY--PERSONAL NAME
Personal name Huang, Weizi
Relator term author
786 0# - DATA SOURCE ENTRY
Note Sociétés | 169 | 3 | 2026-03-11 | p. 45-64 | 0765-3697
856 41 - ELECTRONIC LOCATION AND ACCESS
Uniform Resource Identifier <a href="https://shs.cairn.info/revista-societes-2025-3-page-45?lang=es&redirect-ssocas=7080">https://shs.cairn.info/revista-societes-2025-3-page-45?lang=es&redirect-ssocas=7080</a>

Pas d'exemplaire disponible.

PLUDOC

PLUDOC est la plateforme unique et centralisée de gestion des bibliothèques physiques et numériques de Guinée administré par le CEDUST. Elle est la plus grande base de données de ressources documentaires pour les Étudiants, Enseignants chercheurs et Chercheurs de Guinée.

Adresse

627 919 101/664 919 101

25 boulevard du commerce
Kaloum, Conakry, Guinée

Réseaux sociaux

Powered by Netsen Group @ 2025